| 000 | 00834nam a22002417a 4500 | ||
|---|---|---|---|
| 999 |
_c17104 _d17104 |
||
| 003 | AR-CdUCM | ||
| 008 | 190507b ||||| |||| 00| 0 spa d | ||
| 040 |
_aMUNICIPALIDAD PROVINCIAL DEL CUSCO _cBIBLIOTECA MUNICIPAL DEL CUSCO |
||
| 041 | _heng | ||
| 082 |
_a410 / _bG52 |
||
| 100 |
_aGleason, Jr. H. A. _936950 |
||
| 245 | _aIntroducción a la lingüística descriptiva / | ||
| 260 |
_aMadrid : _bGredos, _c1970. |
||
| 300 |
_a698 páginas ; _c20 cm. |
||
| 440 |
_aBiblioteca romántica hispánica _935840 |
||
| 505 | _aContenido: Lenguaje -- Consonantes inglesas -- EL sistema vocálico ingles... | ||
| 650 |
_aLenguaje _95227 |
||
| 650 |
_aSistemas vocálicos _936951 |
||
| 650 |
_aLingüística general _936952 |
||
| 700 |
_aWulff Alonso, Enrique (traducción) _936953 |
||
| 942 |
_2ddc _cLIBROS |
||
| 945 |
_apjha _d2019-05-16 |
||